[Event "SVK-chT2C 1112"]
[Site "Slovakia"]
[Date "2011.11.05"]
[Round "3.7"]
[White "Urbanik, Lukas"]
[Black "Barciak, Robert"]
[Result "1-0"]
[WhiteElo "1867"]
[BlackElo "1634"]
[PlyCount "79"]
[EventDate "2011.10.08"]
[EventType "team-tourn"]
[EventRounds "11"]
[EventCountry "SVK"]
[SourceTitle "EXT 2013"]
[Source "ChessBase"]
[SourceDate "2012.11.22"]
[SourceVersion "1"]
[SourceVersionDate "2012.11.22"]
[SourceQuality "1"]
[WhiteTeam "Cadca II"]
[BlackTeam "Banska Bystrica Junior II"]
[WhiteTeamCountry "SVK"]
[BlackTeamCountry "SVK"]

1. e4 e5 2. Nf3 d6 3. d4 exd4 4. Nxd4 Nf6 5. Nc3 Be7 6. h3 0-0 7. g4 c5 8. Nde2 Nc6 9. Bg2 Be6 10. 0-0 Rb8 11. f4 Bc4 12. Be3 Re8 13. Re1 Qc7 14. Ng3 Nd7 15. Nf5 Bf8 16. b3 Be6 17. Nh4 f6 18. Qd2 a6 19. Qf2 Be7 20. Nd5 Qd8 21. Re2 Bf8 22. Rae1 Nb6 23. c3 Ne7 24. Bd2 Nbxd5 25. exd5 Bf7 26. c4 Ng6 27. Rxe8 Bxe8 28. Nf5 Ne7 29. Ne3 b5 30. Bc3 b4 31. Bb2 Bd7 32. f5 Nc8 33. Be4 Be8 34. Ng2 g6 35. fxg6 hxg6 36. Nf4 g5 37. Ne6 Qe7 38. Bxf6 Qa7 39. Nxg5 Ne7 40. Bh7# 1-0